LEADER 01353nam0 22003011i 450 001 UON00033603 005 20231205102112.336 010 $a35-15-06901-1 100 $a20020107d1996 |0itac50 ba 101 $aeng 102 $aDE 105 $a|||| 1|||| 200 1 $aAchaemenid studies$fChristopher Tuplin 210 $aStuttgart$cSteiner$d1996 226 p. ; 24 cm 410 1$1001UON00087414$12001 $aHistoria$eZeitschrift fuer alte Geschichte$dRevue d'histoire ancienne$dJournal of ancient history$dRivista di storia antica. Einzelschriften$fhrsg. von Mortimer Chambers$bet al.]$v99 606 $aCIPRO$xSTORIA$xPERIODO ACHEMENIDE$3UONC011456$2FI 606 $aARCHITETTURA$xIRAN$xGIARDINI$xPERIODO ACHEMENIDE$3UONC011457$2FI 606 $aLETTERATURA GRECA$xPERSIA$3UONC011458$2FI 620 $aDE$dWiesbaden$3UONL003153 686 $aIR IV A$cIRAN ANTICO - STORIA - IRAN INTERNO E PERIFERICO$2A 700 1$aTUPLIN$bChristopher$3UONV005066$0184856 712 $aSteiner$3UONV245907$4650 801 $aIT$bSOL$c20240220$gRICA 899 $aSIBA - SISTEMA BIBLIOTECARIO DI ATENEO$2UONSI 912 $aUON00033603 950 $aSIBA - SISTEMA BIBLIOTECARIO DI ATENEO$dSI IR IV A 086 N $eSI SA 87812 5 086 N 996 $aAchaemenid Studies$973808 997 $aUNIOR